01816nam a22002657a 450000500170000000800410001704000290005804100080008708200120009510000330010724201230014024501270026325000420039026001610043230000490059350005160064250501030115850600210126154600230128258601000130560000470140565000360145265000250148870000370151320210316144536.0210316s1909 fr o|||fr|||| 00| 0dfre d cSandra YazodSandra Yazo0 afre04220a9201 aDu Bourg, Antoined1838-191800aDel campo de batalla a La Trapa. El Hno. Gabriel (1835-1897). cDom Du Bourg ; Prólogo del Conde Albert de Mun.yspa10aDu champ de bataille à La Trappe. Le frère Gabriel (1835-1897).cDom Du Bourg ; Préface par le Compte Albert de Mun. aSixième édition [Sexta edición] aParís (Francia) bLibrairie Académique ; Perrin et Cie. ; Impr. E. Grevin [Librería Académica ; Perrin y Compañía ; Imprenta de E. Grevin]c1909 avii, 361 páginasc19 x 12 cm.bfotografias aDetalles físicos: Encuadernación rústica, tapas en papel con datos de publicación impresos. Hoja de cortesía. Anteportada. Hoja de papel especial con foto del biografiado. Portada impresa en una sola tinta. Licencias y permisos. Texto impreso en una sola columna, con diferentes tipos de letra. Márgenes amplios. Notas de pie de página. Hojas de papel especial, con fotografías. Índice. Ejemplar en mal estado de conservación, desencuadernado. Se conserva completo. Tapas y lomo con roturas.0 aVida de Gabriel-Antoine Mossier: 1: Como militar del ejército francés. 2: Como monje Trapense. aConsulta en sala aTexto en francés aOuvrage couronné par l’Académie Française [Obra galardonada por la Academia Francesa]. 1 aMossier, Gabriel d1835-1897xBiografías 7aLiteratura francesa ySiglo XIX 7aPersonajes franceses1 aMun, Albert decConded1841-1914